[Event "NED-ch U20"]
[Site "Haarlem"]
[Date "2012.04.30"]
[Round "3"]
[White "Manoch, Maurice"]
[Black "Van Osch, Mees"]
[Result "0-1"]
[WhiteElo "1969"]
[BlackElo "2013"]
[PlyCount "52"]
[EventDate "2012.04.28"]
[EventType "swiss"]
[EventRounds "9"]
[EventCountry "NED"]
[SourceTitle "EXT 2013"]
[Source "ChessBase"]
[SourceDate "2012.11.22"]
[SourceVersion "1"]
[SourceVersionDate "2012.11.22"]
[SourceQuality "1"]

1. e4 c5 2. Nf3 d6 3. Bb5+ Nd7 4. d4 cxd4 5. Qxd4 a6 6. Bxd7+ Bxd7 7. c4 e6 8. 0-0 Nf6 9. e5 dxe5 10. Nxe5 Qc7 11. Bf4 Qc5 12. Qd3 Rd8 13. Rd1 Be7 14. Nc3 Bc6 15. Qe2 0-0 16. Nxc6 Qxc6 17. Rac1 Rxd1+ 18. Rxd1 Rc8 19. Nd5 exd5 20. Qxe7 Re8 21. cxd5 Qc2 22. Qxe8+ Nxe8 23. Re1 Nf6 24. d6 Qf5 25. h3 Qxf4 26. d7 Nxd7 0-1

[Event "Borne Euro Chess op-A"]
[Site "Borne"]
[Date "2011.08.02"]
[Round "2"]
[White "Hachijan, Armen"]
[Black "Manoch, Maurice"]
[Result "1-0"]
[WhiteElo "2165"]
[BlackElo "1830"]
[PlyCount "65"]
[EventDate "2011.08.01"]
[EventType "swiss"]
[EventRounds "9"]
[EventCountry "NED"]
[SourceTitle "CBM 143 Extra"]
[Source "ChessBase"]
[SourceDate "2011.08.29"]
[SourceVersion "1"]
[SourceVersionDate "2011.08.29"]
[SourceQuality "1"]

1. e4 e5 2. Nf3 Nc6 3. Bb5 a6 4. Ba4 Nf6 5. 0-0 Be7 6. Re1 b5 7. Bb3 0-0 8. h3 d6 9. c3 Na5 10. Bc2 c5 11. d4 cxd4 12. cxd4 Qc7 13. Nbd2 Bd7 14. Nf1 Rac8 15. Ne3 g6 16. b3 Bc6 17. Bb2 d5 18. dxe5 Nxe4 19. Rc1 Rfd8 20. Qe2 Qd7 21. Nxd5 Qxd5 22. Red1 Ng3 23. fxg3 Qc5+ 24. Kh2 Bxf3 25. Qxf3 Rxd1 26. Bxd1 Qxc1 27. Bxc1 Rxc1 28. Qe2 Nc6 29. e6 fxe6 30. Qxe6+ Kg7 31. Qd7 Kh6 32. h4 g5 33. Bf3 1-0

[Event "NED-ch U21"]
[Site "Haarlem"]
[Date "2011.04.30"]
[Round "1"]
[White "Manoch, Maurice"]
[Black "Blom, Vincent"]
[Result "0-1"]
[WhiteElo "1769"]
[BlackElo "2127"]
[PlyCount "114"]
[EventDate "2011.04.30"]
[EventType "swiss"]
[EventRounds "9"]
[EventCountry "NED"]
[SourceTitle "CBM 142 Extra"]
[Source "ChessBase"]
[SourceDate "2011.06.27"]
[SourceVersion "1"]
[SourceVersionDate "2011.06.27"]
[SourceQuality "1"]

1. e4 c5 2. Nf3 d6 3. c3 Nf6 4. Be2 Nc6 5. d4 cxd4 6. cxd4 g6 7. 0-0 Bg7 8. Nc3 0-0 9. d5 Nb8 10. Be3 Nbd7 11. Nd2 a6 12. f4 b5 13. a3 Bb7 14. Qe1 Re8 15. g4 Nf8 16. Qf2 e6 17. dxe6 fxe6 18. Rad1 Qe7 19. e5 dxe5 20. Bc5 Qc7 21. fxe5 Nd5 22. Nxd5 Bxd5 23. Bd6 Qa7 24. Bc5 Qb7 25. Nf3 Nd7 26. Bd6 Qa7 27. Rd4 Rac8 28. Qe3 Rc6 29. Rd3 Qxe3+ 30. Rxe3 Rc2 31. b4 Nb6 32. Nd4 Ra2 33. Bf3 Bc4 34. Rf2 Ra1+ 35. Kg2 Nd5 36. Bxd5 Bxd5+ 37. Kh3 Bh6 38. Rc3 Re1 39. Ne2 Bc4 40. Ng3 Bg7 41. Rcf3 Bxe5 42. Bxe5 Rxe5 43. Rf7 Re3 44. Kh4 h6 45. R2f6 Bd3 46. Ra7 Rf8 47. Rxf8+ Kxf8 48. g5 h5 49. Rxa6 Ke7 50. a4 Rf3 51. a5 Rf4+ 52. Kh3 h4 53. Ra7+ Kd6 54. Ra8 Kc7 55. Re8 hxg3 56. a6 gxh2 57. Kxh2 Kb6 0-1

[Event "NED-ch op U18"]
[Site "Enschede"]
[Date "2010.08.10"]
[Round "4"]
[White "Van Willenswaard, Corbijn"]
[Black "Manoch, Maurice"]
[Result "0-1"]
[WhiteElo "1463"]
[BlackElo "1765"]
[PlyCount "102"]
[EventDate "2010.08.09"]
[EventType "swiss"]
[EventRounds "9"]
[EventCountry "NED"]
[SourceTitle "CBM 137 Extra"]
[Source "ChessBase"]
[SourceDate "2010.09.01"]
[SourceVersion "1"]
[SourceVersionDate "2010.09.01"]
[SourceQuality "1"]

1. e4 e6 2. d4 d5 3. Nc3 Nf6 4. Bg5 Be7 5. e5 Nfd7 6. h4 a6 7. Bxe7 Qxe7 8. Qg4 f5 9. Qh5+ g6 10. Qf3 c5 11. Qe3 cxd4 12. Qxd4 Nc6 13. Qe3 d4 14. Qd2 dxc3 15. Qxc3 Qb4 16. Qxb4 Nxb4 17. Kd2 Nxe5 18. c3 Nbc6 19. f4 Ng4 20. Nf3 0-0 21. h5 Ne7 22. hxg6 Nxg6 23. Bc4 Nxf4 24. g3 Rd8+ 25. Kc2 Ne3+ 26. Kb3 Nxc4 27. Kxc4 b5+ 28. Kb3 Ng6 29. Ng5 Ra7 30. Rae1 e5 31. Reg1 Bb7 32. Rh2 Bd5+ 33. Ka3 a5 34. Rd2 b4+ 35. Ka4 Bc6+ 36. Kb3 Rxd2 37. Rc1 bxc3 38. Rxc3 a4+ 39. Ka3 Bd7 40. Nf3 Rd1 41. Rc2 e4 42. Nd2 e3 43. Nc4 Rc7 44. Nxe3 Rd3+ 45. Kb4 Rb7+ 46. Ka5 Rxe3 47. a3 Rb5+ 48. Ka6 Re6+ 49. Ka7 Ne7 50. Rc8+ Nxc8+ 51. Ka8 Bc6# 0-1